000 00785nam a22002177a 4500
999 _c13660
_d13660
003 AR-CdUCM
008 190416b ||||| |||| 00| 0 spa d
040 _aMUNICIPALIDAD PROVINCIAL DEL CUSCO
_cBIBLIOTECA MUNICIPAL DEL CUSCO
082 _a869.521 /
_bC31
100 _aCarrillo Espejo, Francisco
_911295
245 _aDiario del Inca Garcilaso :
_b(1562 - 1616) /
260 _aPerú :
_bHorizonte,
_c1996.
300 _a196 páginas ;
_c20 cm.
440 _aNarrativa Contemporánea.
_n17
_932160
505 _aContenido: Madrid -- En Sevilla dejo los huesos de mi padre -- Montilla -- Filosofías -- Primer amor -- Las posadas ...
650 _aLiteratura Peruana
_9132
650 _aSiglo XX
_98
650 _aEspaña
_9176
942 _2ddc
_cLIBROS
945 _aachl
_d2019-04-16